[Event "CAN-op"]
[Site "Victoria CAN"]
[Date "2012.07.08"]
[Round "1"]
[White "Kazmaier, Daniel"]
[Black "Longo, Tyler"]
[Result "1-0"]
[WhiteElo "2198"]
[BlackElo "1909"]
[PlyCount "95"]
[GameId "2160767909442501"]
[EventDate "2012.07.08"]
[EventType "swiss"]
[EventRounds "9"]
[EventCountry "CAN"]
[SourceTitle "CBM 149 Extra"]
[Source "ChessBase"]
[SourceDate "2012.08.24"]
[SourceVersion "1"]
[SourceVersionDate "2012.08.24"]
[SourceQuality "1"]

1. d4 d5 2. Nf3 Nf6 3. c4 dxc4 4. Qa4+ Nbd7 5. g3 c6 6. Qxc4 Nb6 7. Qc2 Bg4 8. Nbd2 e6 9. Bg2 Be7 10. O-O O-O 11. e4 Rc8 12. Nb3 Nfd7 13. Be3 Bxf3 14. Bxf3 Bg5 15. Rfe1 Qf6 16. Bg2 Bxe3 17. Rxe3 e5 18. dxe5 Nxe5 19. f4 Nec4 20. Rc3 Rcd8 21. e5 Qg6 22. Be4 Qh5 23. Bf3 Qg6 24. Rxc4 Nxc4 25. Qxc4 Qd3 26. Qxd3 Rxd3 27. Kf2 Rfd8 28. Rc1 a5 29. Be2 R3d5 30. Ke3 Kf8 31. Rc2 f6 32. Bc4 Rd1 33. exf6 gxf6 34. Nxa5 R8d7 35. Be2 R1d5 36. b4 Re7+ 37. Kf2 Kg7 38. a3 Kg6 39. Nc4 c5 40. Ne3 Rd4 41. Rxc5 Rd2 42. h4 b6 43. h5+ Kf7 44. Rc6 Ra2 45. Rxb6 Rxa3 46. Bc4+ Ke8 47. Be6 Ra8 48. Nd5 1-0

[Event "CAN-op"]
[Site "Victoria CAN"]
[Date "2012.07.08"]
[Round "1"]
[White "Kong, Dezheng"]
[Black "Porper, Edward"]
[Result "1/2-1/2"]
[WhiteElo "2057"]
[BlackElo "2421"]
[PlyCount "70"]
[GameId "2160767909442502"]
[EventDate "2012.07.08"]
[EventType "swiss"]
[EventRounds "9"]
[EventCountry "CAN"]
[SourceTitle "CBM 149 Extra"]
[Source "ChessBase"]
[SourceDate "2012.08.24"]
[SourceVersion "1"]
[SourceVersionDate "2012.08.24"]
[SourceQuality "1"]

1. d4 Nf6 2. c4 e6 3. Nf3 Bb4+ 4. Bd2 a5 5. Nc3 b6 6. g3 O-O 7. Bg2 Ba6 8. Ne5 Ra7 9. Qb3 Bb7 10. O-O Bxg2 11. Kxg2 d6 12. Nf3 Bxc3 13. Bxc3 Ne4 14. Rad1 Qd7 15. h4 f5 16. Bd2 Qe8 17. Bf4 Nd7 18. Qb5 a4 19. Qc6 Qc8 20. Qb5 a3 21. Rd3 axb2 22. Qxb2 Qa6 23. Qc1 Qxa2 24. Ng5 Nxg5 25. hxg5 Ra4 26. Rc3 Rfa8 27. Qe3 Nf8 28. Rfc1 Ra3 29. Qf3 R8a7 30. e4 Rxc3 31. Rxc3 Qb1 32. exf5 Qxf5 33. Qc6 Ra1 34. Qxc7 Qe4+ 35. Rf3 Rg1+ 1/2-1/2

[Event "CAN-op"]
[Site "Victoria CAN"]
[Date "2012.07.08"]
[Round "1"]
[White "Laceste, Loren"]
[Black "Han, Yiming"]
[Result "1-0"]
[WhiteElo "2297"]
[BlackElo "2060"]
[PlyCount "89"]
[GameId "2160767909442503"]
[EventDate "2012.07.08"]
[EventType "swiss"]
[EventRounds "9"]
[EventCountry "CAN"]
[SourceTitle "CBM 149 Extra"]
[Source "ChessBase"]
[SourceDate "2012.08.24"]
[SourceVersion "1"]
[SourceVersionDate "2012.08.24"]
[SourceQuality "1"]

1. d4 d5 2. Nf3 e6 3. c4 Nf6 4. Nc3 Be7 5. cxd5 exd5 6. Qc2 O-O 7. Bf4 c6 8. e3 Nbd7 9. h3 Nb6 10. Bd3 Be6 11. Ng5 h6 12. Nxe6 fxe6 13. O-O Bd6 14. Be5 Bxe5 15. dxe5 Nfd7 16. f4 c5 17. Qe2 Qh4 18. Kh2 a6 19. Rad1 Rad8 20. Bb1 Rfe8 21. Qc2 Nf8 22. f5 exf5 23. Rxf5 Re6 24. Rdf1 Ng6 25. R5f4 Qe7 26. Rg4 Nf8 27. Rgf4 Ng6 28. Ne2 Nc4 29. Rxc4 dxc4 30. Nf4 Nxf4 31. Qh7+ Kf7 32. Rxf4+ Ke8 33. Bg6+ Kd7 34. Rf7 Kc8 35. Rxe7 Rxe7 36. Be4 Kc7 37. Bf3 Kb6 38. Qe4 a5 39. a4 Rdd7 40. e6 Rd6 41. Qxc4 Rdxe6 42. Qb5+ Ka7 43. Qxa5+ Kb8 44. Qxc5 Rxe3 45. b4 1-0

[Event "CAN-op"]
[Site "Victoria CAN"]
[Date "2012.07.08"]
[Round "1"]
[White "Landingin, Jofrei"]
[Black "Lessler, Peter"]
[Result "0-1"]
[WhiteElo "1915"]
[BlackElo "2217"]
[PlyCount "106"]
[GameId "2160767909442504"]
[EventDate "2012.07.08"]
[EventType "swiss"]
[EventRounds "9"]
[EventCountry "CAN"]

1. d4 d5 2. c4 e6 3. Nc3 c6 4. e4 dxe4 5. Nxe4 Bb4+ 6. Nc3 c5 7. Nf3 Nf6 8. a3 Ba5 9. Bg5 Nc6 10. dxc5 Bxc3+ 11. bxc3 O-O 12. Qxd8 Rxd8 13. Bxf6 gxf6 14. Rd1 Rxd1+ 15. Kxd1 e5 16. Bd3 f5 17. Nh4 e4 18. Be2 b6 19. cxb6 axb6 20. Kc2 Rxa3 21. Rb1 Ra2+ 22. Kd1 Ne5 23. Rxb6 Bd7 24. Rb1 f4 25. Ke1 Rc2 26. Rd1 Be6 27. Rd4 f5 28. Rd6 Kf7 29. Rb6 h6 30. Kd1 Rxc3 31. Rb7+ Kf6 32. Kd2 Ra3 33. c5 Ra2+ 34. Ke1 Ra1+ 35. Kd2 Ra2+ 36. Ke1 Bd7 37. Rb6+ Kg5 38. g3 f3 39. Ba6 e3 40. fxe3 f2+ 41. Kf1 Rxa6 42. Rxa6 Bb5+ 43. Kxf2 Bxa6 44. Nf3+ Nxf3 45. Kxf3 Bb7+ 46. Ke2 Kg4 47. Kd3 Kh3 48. Kd4 Kxh2 49. Ke5 Kxg3 50. Kxf5 h5 51. e4 h4 52. Ke5 h3 53. Kd6 Bxe4 0-1

[Event "CAN-op"]
[Site "Victoria CAN"]
[Date "2012.07.08"]
[Round "1"]
[White "Lane, Travis"]
[Black "Reeve, Jeff"]
[Result "0-1"]
[WhiteElo "2158"]
[BlackElo "2234"]
[PlyCount "59"]
[GameId "2160767909442505"]
[EventDate "2012.07.08"]
[EventType "swiss"]
[EventRounds "9"]
[EventCountry "CAN"]
[SourceTitle "CBM 149 Extra"]
[Source "ChessBase"]
[SourceDate "2012.08.24"]
[SourceVersion "1"]
[SourceVersionDate "2012.08.24"]
[SourceQuality "1"]

1. e4 c5 2. Nf3 d6 3. d4 cxd4 4. Nxd4 Nf6 5. Nc3 g6 6. f4 Nc6 7. Nf3 Bg7 8. Bd3 O-O 9. O-O a6 10. Kh1 b5 11. Qe1 Nb4 12. a3 Nxd3 13. cxd3 Bb7 14. Qh4 e6 15. Be3 Rc8 16. Rad1 Nd7 17. Qh3 Re8 18. Bd4 Bxd4 19. Nxd4 Qb6 20. Nf3 b4 21. axb4 Qxb4 22. Ng5 Nf8 23. Rd2 f6 24. Nf3 Kg7 25. e5 dxe5 26. fxe5 f5 27. d4 Red8 28. Qh4 Kg8 29. Rfd1 Rd7 30. Qf2 0-1

[Event "CAN-op"]
[Site "Victoria CAN"]
[Date "2012.07.08"]
[Round "1"]
[White "Lee, Brendon"]
[Black "Gedajlovic, Max"]
[Result "0-1"]
[WhiteElo "1871"]
[BlackElo "1601"]
[PlyCount "84"]
[GameId "2160767909442506"]
[EventDate "2012.07.08"]
[EventType "swiss"]
[EventRounds "9"]
[EventCountry "CAN"]
[SourceTitle "EXT 2022"]
[Source "ChessBase"]
[SourceDate "2021.10.06"]
[SourceVersion "1"]
[SourceVersionDate "2021.10.06"]
[SourceQuality "1"]

1. e4 c5 2. Nf3 d6 3. d3 Nc6 4. g3 g6 5. Nbd2 Bg7 6. Bg2 Nf6 7. O-O O-O 8. Re1 a6 9. Nf1 Rb8 10. Bf4 Nh5 11. c3 Nxf4 12. gxf4 b5 13. Ng3 Qb6 14. f5 b4 15. fxg6 hxg6 16. Qc2 bxc3 17. bxc3 Qa5 18. Rac1 Bd7 19. Nd2 Rb7 20. Nc4 Qc7 21. Ne2 Rfb8 22. Rb1 Ne5 23. Ne3 Qa5 24. Rxb7 Rxb7 25. Rc1 Qa3 26. Qd2 Ba4 27. Nc4 Nxc4 28. dxc4 Rb2 29. Qg5 Rxe2 30. Rb1 Rb2 31. Rxb2 Qxb2 32. Qxe7 Bf8 33. Qf6 Qxa2 34. Bf1 Bb3 35. e5 dxe5 36. Bd3 Bc2 37. Bf1 Qb1 38. Qf3 Qd1 39. Qe3 Qg4+ 40. Bg2 Qxc4 41. h3 Qd3 42. Qxe5 Qd1+ 0-1

[Event "CAN-op"]
[Site "Victoria CAN"]
[Date "2012.07.08"]
[Round "1"]
[White "Li, Kevin"]
[Black "Zhou, Qiyu"]
[Result "1-0"]
[WhiteElo "2097"]
[BlackElo "1813"]
[PlyCount "93"]
[GameId "2160767909442507"]
[EventDate "2012.07.08"]
[EventType "swiss"]
[EventRounds "9"]
[EventCountry "CAN"]
[SourceTitle "EXT 2014"]
[Source "ChessBase"]
[SourceDate "2013.11.20"]
[SourceVersion "1"]
[SourceVersionDate "2013.11.20"]
[SourceQuality "1"]

1. e4 e5 2. Nf3 Nc6 3. Bb5 a6 4. Bxc6 dxc6 5. d3 Bg4 6. h3 Bxf3 7. Qxf3 Nf6 8. O-O Qd6 9. Nd2 O-O-O 10. Qf5+ Qe6 11. Qxe6+ fxe6 12. Nf3 Bd6 13. b3 Rdf8 14. Bb2 Nd7 15. Rae1 c5 16. Re2 Rf6 17. Nh2 g5 18. g3 Rhf8 19. Kg2 b5 20. c3 b4 21. cxb4 cxb4 22. d4 h5 23. Rc1 exd4 24. Bxd4 e5 25. Be3 Rg6 26. Nf3 Be7 27. Rec2 c5 28. Ne1 g4 29. h4 Rgf6 30. Nd3 Kb8 31. Bg5 R6f7 32. Bxe7 Rxe7 33. Nxc5 Nxc5 34. Rxc5 Rf6 35. Rc8+ Kb7 36. Rh8 Ref7 37. Rc2 Rf3 38. Rxh5 Rc3 39. Rd2 Rfc7 40. Rxe5 Rc2 41. Red5 Rc1 42. Rd7 Re1 43. Rxc7+ Kxc7 44. f3 a5 45. fxg4 Rxe4 46. Kf3 Re1 47. g5 1-0

[Event "CAN-op"]
[Site "Victoria CAN"]
[Date "2012.07.08"]
[Round "1"]
[White "Lindholdt, Malik"]
[Black "Moore, Harry"]
[Result "0-1"]
[WhiteElo "1992"]
[BlackElo "2279"]
[PlyCount "106"]
[GameId "2160767909442508"]
[EventDate "2012.07.08"]
[EventType "swiss"]
[EventRounds "9"]
[EventCountry "CAN"]

1. e4 c5 2. Nf3 d6 3. d4 cxd4 4. Nxd4 Nf6 5. Nc3 a6 6. Be3 e5 7. Nb3 Be7 8. f3 O-O 9. Qd2 Be6 10. O-O-O a5 11. a4 Nc6 12. g4 Nb4 13. g5 Nd7 14. f4 exf4 15. Bxf4 Ne5 16. Nd4 Bg4 17. Be2 Bxe2 18. Ndxe2 Nf3 19. Qe3 Nxg5 20. Rhg1 Ne6 21. Qg3 g6 22. Bxd6 Bxd6 23. Qxd6 Qc8 24. h4 Rd8 25. Qe5 Qc5 26. Qxc5 Nxc5 27. Rxd8+ Rxd8 28. h5 Re8 29. hxg6 fxg6 30. Ng3 Re5 31. b3 h5 32. Re1 h4 33. Nh1 Ne6 34. Nf2 Nd4 35. Rg1 Kg7 36. Nd3 Nxb3+ 37. Kb2 Nxd3+ 38. cxd3 Nd4 39. Nd5 g5 40. Ne3 Kg6 41. Rb1 Re7 42. Kc3 Ne2+ 43. Kc4 Nf4 44. Nd5 Nxd5 45. Kxd5 Rd7+ 46. Kc4 h3 47. e5 h2 48. Rh1 Rh7 49. e6 Kf6 50. Kd5 g4 51. Kd6 g3 52. e7 Rxe7 53. Rf1+ Kg5 0-1

[Event "CAN-op"]
[Site "Victoria CAN"]
[Date "2012.07.08"]
[Round "1"]
[White "MacKinnon, Keith"]
[Black "Smith, Andrew M"]
[Result "1/2-1/2"]
[WhiteElo "2353"]
[BlackElo "2024"]
[PlyCount "92"]
[GameId "2160767909442509"]
[EventDate "2012.07.08"]
[EventType "swiss"]
[EventRounds "9"]
[EventCountry "CAN"]

1. e4 Nf6 2. e5 Nd5 3. d4 d6 4. c4 Nb6 5. exd6 exd6 6. Nc3 Be7 7. Bd3 Nc6 8. Nge2 Bg4 9. f3 Bh5 10. O-O Bf6 11. Be3 Bg6 12. Nf4 O-O 13. b3 Re8 14. Bf2 a5 15. Be4 a4 16. Nxg6 hxg6 17. Qd2 Qd7 18. Rab1 axb3 19. axb3 Ra6 20. Ra1 Rea8 21. Rxa6 Rxa6 22. Re1 Ra3 23. Qb2 Ra8 24. Qd2 Ra3 25. Qb2 Ra8 26. Rd1 Rb8 27. Qc1 Ne7 28. c5 Nbc8 29. g4 d5 30. g5 Bxg5 31. Qxg5 dxe4 32. fxe4 b6 33. b4 f6 34. Qg3 Ra8 35. d5 Ra3 36. Rd3 bxc5 37. bxc5 g5 38. e5 Rxc3 39. Rxc3 Nxd5 40. Rd3 Nce7 41. exf6 gxf6 42. h4 Qf5 43. Rd2 Ng6 44. hxg5 fxg5 45. Be3 Ngf4 46. Rxd5 Nxd5 1/2-1/2

[Event "CAN-op"]
[Site "Victoria CAN"]
[Date "2012.07.08"]
[Round "1"]
[White "McKay, Arnold"]
[Black "McLaren, Brian"]
[Result "1/2-1/2"]
[WhiteElo "1830"]
[BlackElo "2177"]
[PlyCount "87"]
[GameId "2160767909442510"]
[EventDate "2012.07.08"]
[EventType "swiss"]
[EventRounds "9"]
[EventCountry "CAN"]

1. c4 Nf6 2. g3 e6 3. Nf3 c5 4. Bg2 Be7 5. O-O O-O 6. b3 Qc7 7. Bb2 d6 8. e3 Nbd7 9. Nc3 a6 10. Re1 Rb8 11. Qe2 b6 12. d4 Bb7 13. Rad1 Ne4 14. d5 Nxc3 15. Bxc3 exd5 16. cxd5 Bf6 17. Bxf6 Nxf6 18. e4 Rfe8 19. Nd2 Nxd5 20. Qd3 Nb4 21. Qb1 b5 22. Nf3 Rbd8 23. a3 Nc6 24. e5 Nxe5 25. Ng5 Ng6 26. Rxe8+ Rxe8 27. Bxb7 Qxb7 28. Rxd6 h6 29. Nxf7 Qxf7 30. Qxg6 Re1+ 31. Kg2 Qxg6 32. Rxg6 Rb1 33. b4 cxb4 34. Rxa6 bxa3 35. Rxa3 Kf7 36. Ra7+ Kf6 37. h4 h5 38. Kf3 g6 39. Ra6+ Kf5 40. Rb6 Rb3+ 41. Ke2 Rb2+ 42. Kd3 Rxf2 43. Rxb5+ Kf6 44. Ke3 1/2-1/2

[Event "CAN-op"]
[Site "Victoria CAN"]
[Date "2012.07.08"]
[Round "1"]
[White "Mikhalevski, Victor"]
[Black "Erichsen, Dan"]
[Result "1-0"]
[WhiteElo "2526"]
[BlackElo "2123"]
[PlyCount "57"]
[GameId "2160767909442511"]
[EventDate "2012.07.08"]
[EventType "swiss"]
[EventRounds "9"]
[EventCountry "CAN"]
[SourceTitle "CBM 149 Extra"]
[Source "ChessBase"]
[SourceDate "2012.08.24"]
[SourceVersion "1"]
[SourceVersionDate "2012.08.24"]
[SourceQuality "1"]

1. c4 c6 2. Nf3 d5 3. g3 Nf6 4. Bg2 Bg4 5. Ne5 Bh5 6. cxd5 cxd5 7. g4 Qc7 8. Qa4+ Nbd7 9. Nc3 Qxe5 10. d4 Qd6 11. gxh5 e6 12. Bd2 Qb4 13. Qc2 Qb6 14. Bf3 Bd6 15. Rg1 g6 16. O-O-O Rc8 17. Kb1 Qxd4 18. e4 Qxf2 19. Rgf1 Qc5 20. exd5 e5 21. Bh6 b5 22. Qe2 a6 23. Rc1 Qb4 24. Nxb5 Ke7 25. Nxd6 Qxd6 26. Rc6 Qb4 27. Bg5 h6 28. Bxf6+ Nxf6 29. Qxe5+ 1-0

[Event "CAN-op"]
[Site "Victoria CAN"]
[Date "2012.07.08"]
[Round "1"]
[White "Ozkan, Charlie"]
[Black "Chen, Howard"]
[Result "0-1"]
[WhiteElo "1967"]
[BlackElo "2357"]
[PlyCount "68"]
[GameId "2160767909442512"]
[EventDate "2012.07.08"]
[EventType "swiss"]
[EventRounds "9"]
[EventCountry "CAN"]
[SourceTitle "CBM 149 Extra"]
[Source "ChessBase"]
[SourceDate "2012.08.24"]
[SourceVersion "1"]
[SourceVersionDate "2012.08.24"]
[SourceQuality "1"]

1. Nf3 d6 2. d4 g6 3. g3 Nf6 4. Bg2 Bg7 5. O-O O-O 6. c4 Nbd7 7. Nc3 e5 8. Bg5 h6 9. Bxf6 Qxf6 10. Nd5 Qd8 11. e3 a5 12. Rb1 f5 13. Qc2 c6 14. Nc3 g5 15. d5 c5 16. a3 e4 17. Nd2 Ne5 18. b4 axb4 19. axb4 b6 20. bxc5 bxc5 21. Nb5 Nd3 22. Qb3 Nb4 23. Nd4 cxd4 24. Qxb4 dxe3 25. fxe3 Ra2 26. Nb3 f4 27. gxf4 gxf4 28. exf4 Qh4 29. Qxd6 Kh8 30. f5 Rg8 31. Rf4 Rxg2+ 32. Kxg2 Be5+ 33. Kh1 Qxf4 34. h3 Qf3# 0-1

[Event "CAN-op"]
[Site "Victoria CAN"]
[Date "2012.07.08"]
[Round "1"]
[White "Pechisker, Alfred"]
[Black "Kenney, David"]
[Result "1-0"]
[WhiteElo "2278"]
[BlackElo "1978"]
[PlyCount "69"]
[GameId "2160767909442513"]
[EventDate "2012.07.08"]
[EventType "swiss"]
[EventRounds "9"]
[EventCountry "CAN"]

1. d4 d5 2. c4 e6 3. Nf3 Nf6 4. Nc3 Be7 5. Bf4 O-O 6. e3 a6 7. c5 Nbd7 8. Bd3 Re8 9. b4 c6 10. O-O Nf8 11. a4 Ng6 12. Qc2 Nxf4 13. exf4 Bf8 14. b5 axb5 15. axb5 Rxa1 16. Rxa1 g6 17. Ra7 Bg7 18. Qa4 cxb5 19. Qxb5 Rf8 20. Na4 Ne4 21. Nb6 Qc7 22. g3 Rd8 23. Nxc8 Rxc8 24. Rxb7 Qd8 25. Qd7 Qf8 26. Ne5 Bxe5 27. fxe5 Rd8 28. Qe7 Qxe7 29. Rxe7 Nd2 30. c6 Nf3+ 31. Kg2 Nxd4 32. c7 Ra8 33. Rd7 Nc6 34. Bb5 Nxe5 35. Rd8+ 1-0

[Event "CAN-op"]
[Site "Victoria CAN"]
[Date "2012.07.08"]
[Round "1"]
[White "Perelshteyn, Eugene"]
[Black "Yearwood, Roy"]
[Result "1-0"]
[WhiteElo "2525"]
[BlackElo "2083"]
[PlyCount "75"]
[GameId "2160767909442514"]
[EventDate "2012.07.08"]
[EventType "swiss"]
[EventRounds "9"]
[EventCountry "CAN"]
[SourceTitle "CBM 149 Extra"]
[Source "ChessBase"]
[SourceDate "2012.08.24"]
[SourceVersion "1"]
[SourceVersionDate "2012.08.24"]
[SourceQuality "1"]

1. d4 d5 2. c4 c6 3. Nc3 Nf6 4. cxd5 cxd5 5. Bg5 Nc6 6. Bxf6 gxf6 7. e3 e6 8. Nf3 Bd6 9. Bd3 a6 10. Rc1 Bd7 11. O-O Rc8 12. a3 f5 13. g3 Qf6 14. Na4 h5 15. Nb6 Rc7 16. Nh4 Ne7 17. Rxc7 Bxc7 18. Nxd7 Kxd7 19. Qa4+ Kc8 20. Rc1 Kb8 21. Rc3 Nc8 22. Qd7 Ba5 23. b4 Bb6 24. Nf3 Rd8 25. Ne5 Nd6 26. Qa4 Qe7 27. Bxa6 f6 28. Bxb7 Kxb7 29. Nc6 Qd7 30. Nxd8+ Qxd8 31. Qc6+ Kb8 32. a4 Ne4 33. Rc2 e5 34. a5 Ba7 35. b5 exd4 36. b6 d3 37. bxa7+ Kxa7 38. Rb2 1-0

[Event "CAN-op"]
[Site "Victoria CAN"]
[Date "2012.07.08"]
[Round "1"]
[White "Persaud, Hemant"]
[Black "Awatramani, Janak"]
[Result "0-1"]
[WhiteElo "1729"]
[BlackElo "2129"]
[PlyCount "54"]
[GameId "2160767909442515"]
[EventDate "2012.07.08"]
[EventType "swiss"]
[EventRounds "9"]
[EventCountry "CAN"]

1. d4 b6 2. c4 Bb7 3. Nc3 e6 4. e3 Nf6 5. Nf3 d5 6. cxd5 exd5 7. a3 Be7 8. Bd3 O-O 9. O-O Nbd7 10. b4 a6 11. Bb2 Re8 12. Qc2 Bd6 13. Rac1 Ne4 14. g3 h5 15. Nh4 Qf6 16. Rce1 g5 17. Ng2 h4 18. Bxe4 dxe4 19. Rd1 Qg6 20. Qe2 Nf6 21. Ne1 Bc8 22. Rc1 Bh3 23. Ng2 Bg4 24. Qd2 Qf5 25. Ne2 Bf3 26. Ne1 Qh3 27. d5 Ng4 0-1

[Event "CAN-op"]
[Site "Victoria CAN"]
[Date "2012.07.08"]
[Round "1"]
[White "Piasetski, Leon"]
[Black "Kalisvaart, Peter"]
[Result "1-0"]
[WhiteElo "2290"]
[BlackElo "2076"]
[PlyCount "113"]
[GameId "2160767909442516"]
[EventDate "2012.07.08"]
[EventType "swiss"]
[EventRounds "9"]
[EventCountry "CAN"]
[SourceTitle "CBM 149 Extra"]
[Source "ChessBase"]
[SourceDate "2012.08.24"]
[SourceVersion "1"]
[SourceVersionDate "2012.08.24"]
[SourceQuality "1"]

1. c4 e5 2. g3 g6 3. d4 d6 4. Nc3 Nc6 5. d5 Nce7 6. e4 Bg7 7. h4 Nf6 8. Bh3 c6 9. Bg5 h6 10. Bxf6 Bxf6 11. h5 Bg7 12. Nf3 g5 13. Bxc8 Rxc8 14. g4 cxd5 15. cxd5 Qd7 16. Nd2 O-O 17. Qe2 a6 18. O-O b5 19. f3 Rc7 20. a4 Rb8 21. axb5 axb5 22. Ra5 Ra7 23. Rxb5 Rba8 24. Nc4 Nc8 25. Kg2 Bf6 26. Nb6 Nxb6 27. Rxb6 Bd8 28. Rc6 Rb8 29. Rc1 Rab7 30. Na4 Rb4 31. Qa6 Qb7 32. Qxb7 R8xb7 33. R1c4 Rxc4 34. Rxc4 Ba5 35. Kf1 Rb3 36. Ke2 Kg7 37. Rc2 Kf6 38. Nc3 Bb6 39. Kd3 Bc5 40. Re2 Ke7 41. Kc2 Rb7 42. Na2 Kd7 43. Rd2 Ra7 44. Kb1 Ra4 45. Rd3 Kc7 46. Rc3 Kb7 47. Nc1 Rd4 48. Nb3 Rd1+ 49. Kc2 Rf1 50. Nxc5+ dxc5 51. Rxc5 Rxf3 52. d6 Rf6 53. Rxe5 Rxd6 54. Re7+ Kc6 55. Rxf7 Kc5 56. Rf5+ Kd4 57. Rd5+ 1-0

[Event "CAN-op"]
[Site "Victoria CAN"]
[Date "2012.07.08"]
[Round "1"]
[White "Plotkin, Mark"]
[Black "Barron, Michael"]
[Result "0-1"]
[WhiteElo "1877"]
[BlackElo "2173"]
[PlyCount "58"]
[GameId "2160767909442517"]
[EventDate "2012.07.08"]
[EventType "swiss"]
[EventRounds "9"]
[EventCountry "CAN"]
[SourceTitle "CBM 149 Extra"]
[Source "ChessBase"]
[SourceDate "2012.08.24"]
[SourceVersion "1"]
[SourceVersionDate "2012.08.24"]
[SourceQuality "1"]

1. e4 e5 2. Nf3 Nc6 3. d4 exd4 4. Nxd4 Qh4 5. Be2 Qxe4 6. Nxc6 Qxc6 7. O-O Be7 8. Nc3 Nf6 9. Bf3 Qb6 10. Be3 Qxb2 11. Bd4 Qa3 12. Rb1 c6 13. Rb3 Qd6 14. Ne4 Nxe4 15. Bxe4 Bf6 16. Rd3 Bxd4 17. Rxd4 Qc5 18. Rd6 O-O 19. Re1 Re8 20. Bxh7+ Kf8 21. Rxe8+ Kxe8 22. Qd3 Ke7 23. Rd4 d5 24. c4 Be6 25. Qe3 Kf8 26. Be4 Re8 27. cxd5 cxd5 28. Bf3 Bf5 29. Qd2 Qxd4 0-1

[Event "CAN-op"]
[Site "Victoria CAN"]
[Date "2012.07.08"]
[Round "1"]
[White "Raymer, Elliot"]
[Black "Cheng, Jack"]
[Result "1-0"]
[WhiteElo "1818"]
[BlackElo "2158"]
[PlyCount "57"]
[GameId "2160767909442518"]
[EventDate "2012.07.08"]
[EventType "swiss"]
[EventRounds "9"]
[EventCountry "CAN"]

1. e4 e5 2. Nf3 Nc6 3. Bc4 Nf6 4. d3 Be7 5. Nc3 O-O 6. Nd5 d6 7. Nxe7+ Nxe7 8. Bg5 Ng6 9. h4 Be6 10. h5 Nf4 11. g3 Bxc4 12. gxf4 Be6 13. f5 Bd7 14. h6 g6 15. Nh2 gxf5 16. Rg1 Kh8 17. exf5 Rg8 18. Qf3 Qe7 19. O-O-O d5 20. Qh3 Rg6 21. Rde1 Qd6 22. Nf3 e4 23. dxe4 Nxe4 24. Rxe4 dxe4 25. Rd1 Qxd1+ 26. Kxd1 exf3 27. Qg3 Rd6+ 28. Kc1 Re8 29. Bf6+ 1-0

[Event "CAN-op"]
[Site "Victoria CAN"]
[Date "2012.07.08"]
[Round "1"]
[White "Smith, Andrew M"]
[Black "Sohal, Tanraj"]
[Result "0-1"]
[WhiteElo "2024"]
[BlackElo "2202"]
[PlyCount "62"]
[GameId "2160767909442519"]
[EventDate "2012.07.08"]
[EventType "swiss"]
[EventRounds "9"]
[EventCountry "CAN"]

1. e4 c5 2. f4 Nc6 3. Nf3 d6 4. Bc4 e6 5. Nc3 Nf6 6. d3 d5 7. Bb3 Be7 8. O-O d4 9. Ne2 O-O 10. c3 dxc3 11. bxc3 b6 12. h3 Ba6 13. Bc2 Qc7 14. Ng3 Rad8 15. Qe2 e5 16. Nxe5 Nxe5 17. fxe5 Nd7 18. Nf5 Nxe5 19. Bf4 f6 20. Qe3 g6 21. Qg3 Kh8 22. Ne3 Bd6 23. Nd5 Qg7 24. d4 cxd4 25. cxd4 Bxf1 26. dxe5 fxe5 27. Bg5 Bc5+ 28. Ne3 Rd2 29. Rxf1 Bxe3+ 30. Qxe3 Rxf1+ 31. Kxf1 Rxc2 0-1

[Event "CAN-op"]
[Site "Victoria CAN"]
[Date "2012.07.08"]
[Round "1"]
[White "Sohal, Tanraj"]
[Black "Jessa, Omar"]
[Result "1/2-1/2"]
[WhiteElo "2202"]
[BlackElo "1853"]
[PlyCount "44"]
[GameId "2160767909442520"]
[EventDate "2012.07.08"]
[EventType "swiss"]
[EventRounds "9"]
[EventCountry "CAN"]

1. d4 d6 2. c4 e5 3. d5 f5 4. Nc3 Nf6 5. g3 g6 6. Bg2 Bg7 7. Nf3 O-O 8. O-O Qe7 9. Rb1 a5 10. Ne1 Na6 11. a3 Nc5 12. b4 axb4 13. axb4 Nce4 14. Nxe4 Nxe4 15. Qc2 Ng5 16. Bxg5 Qxg5 17. Nf3 Qe7 18. Nd2 e4 19. e3 Bd7 20. Nb3 Ba4 21. Rfc1 Qe5 22. Qd2 Bxb3 1/2-1/2

[Event "CAN-op"]
[Site "Victoria CAN"]
[Date "2012.07.08"]
[Round "1"]
[White "Trochtchanovitch, Pavel"]
[Black "Rohonyan, Katerina"]
[Result "0-1"]
[WhiteElo "2042"]
[BlackElo "2294"]
[PlyCount "71"]
[GameId "2160767909442521"]
[EventDate "2012.07.08"]
[EventType "swiss"]
[EventRounds "9"]
[EventCountry "CAN"]
[SourceTitle "CBM 149 Extra"]
[Source "ChessBase"]
[SourceDate "2012.08.24"]
[SourceVersion "1"]
[SourceVersionDate "2012.08.24"]
[SourceQuality "1"]

1. e4 c5 2. Nc3 Nc6 3. Nf3 g6 4. Bc4 Bg7 5. d3 d6 6. Bd2 Nf6 7. Qc1 Bg4 8. Ng5 O-O 9. h3 Bd7 10. Nf3 a6 11. Bh6 b5 12. Bxg7 Kxg7 13. Bd5 Ra7 14. O-O e6 15. Bxc6 Bxc6 16. Re1 e5 17. Ne2 Ng8 18. Ng3 f5 19. Ng5 Re7 20. exf5 gxf5 21. f4 h6 22. Nf3 e4 23. Nd2 d5 24. Ndf1 Kh7 25. Ne3 Qd7 26. dxe4 fxe4 27. Ng4 Qd6 28. Ne5 Rxe5 29. fxe5 Qxe5 30. Rf1 Rxf1+ 31. Nxf1 d4 32. c3 Ne7 33. Qd2 Nf5 34. g4 Nh4 35. Qe2 e3 36. cxd4 0-1

[Event "CAN-op"]
[Site "Victoria CAN"]
[Date "2012.07.08"]
[Round "1"]
[White "Villavieja, Butch"]
[Black "Beaudin, Jesse"]
[Result "1-0"]
[WhiteElo "2303"]
[BlackElo "1994"]
[PlyCount "149"]
[GameId "2160767909442522"]
[EventDate "2012.07.08"]
[EventType "swiss"]
[EventRounds "9"]
[EventCountry "CAN"]

1. e4 c5 2. Nf3 d6 3. d4 cxd4 4. Nxd4 Nf6 5. Nc3 a6 6. f3 e5 7. Nb3 Be6 8. Be3 b5 9. Qd2 Be7 10. g4 h6 11. O-O-O Nbd7 12. h4 Nb6 13. Na5 Nc4 14. Bxc4 Qxa5 15. Bxe6 fxe6 16. a3 Rc8 17. g5 hxg5 18. hxg5 Rxh1 19. Rxh1 Nd7 20. Rh8+ Nf8 21. f4 exf4 22. Bxf4 Qb6 23. Be3 Qc6 24. Qd4 a5 25. Kb1 g6 26. Rg8 Qc4 27. Qd3 b4 28. axb4 axb4 29. Nb5 Qxd3 30. cxd3 e5 31. Rg7 Rc6 32. Na7 Rc7 33. Nb5 Rd7 34. Kc2 Bd8 35. Rxd7 Kxd7 36. Kb3 Ne6 37. Kxb4 Bxg5 38. Bg1 Bc1 39. b3 g5 40. Kc4 g4 41. Nc3 Kc6 42. Ne2 Ba3 43. b4 Nf4 44. Ng3 Bc1 45. b5+ Kb7 46. Nf5 Ba3 47. Be3 Ne2 48. Bf2 Nd4 49. Ne3 Bc5 50. Nxg4 Kb6 51. Bxd4 Bxd4 52. Nf6 Bb2 53. Nd5+ Kb7 54. Nc3 Ba3 55. Na4 Bc1 56. Kd5 Ba3 57. Ke6 Bb4 58. Kd7 Ba3 59. Ke6 Bb4 60. Nb2 Kb6 61. Kd5 Kxb5 62. Nc4 Ka6 63. Nxd6 Bc3 64. Nc4 Kb7 65. Nxe5 Kc8 66. d4 Bb2 67. Nc6 Kd7 68. e5 Bc3 69. e6+ Ke8 70. Kd6 Bb2 71. Kc7 Bc1 72. d5 Bf4+ 73. d6 Bg3 74. Nd4 Be5 75. Nf5 1-0